| 000 | 00944cam a22002531 4500 | ||
|---|---|---|---|
| 001 | rc 01001465 | ||
| 003 | DLC | ||
| 005 | 20260227111903.0 | ||
| 008 | 930604s1891 mou 000 0 eng | ||
| 010 | _arc 01001465 | ||
| 035 | _a(OCoLC)28212013 | ||
| 040 |
_aDLC _cCtY _dDLC |
||
| 042 | _apremarc | ||
| 050 | 0 | 0 |
_aF891 _b.U59 |
| 110 | 2 | _aUnion Pacific Railroad Company. | |
| 245 | 1 | 4 | _aThe resources and attractions of Washington for the home seeker, capitalist, and tourist ... |
| 250 | _a4th ed., rev. and enl. | ||
| 260 |
_aSt. Louis, _bWoodward & Tiernan Print. Co., _c1891. |
||
| 300 |
_a132 p. _c22 cm. |
||
| 500 | _aCover title: Washington. A complete and comprehensive description ... | ||
| 500 | _aMap on p. [2] of cover. | ||
| 500 | _aFirst published under title: The resources and attractions of Washington Territory for the home seeker, capitalist, and tourist. | ||
| 651 | 0 |
_aWashington (State) _xDescription and travel. |
|
| 999 |
_c52092 _d52092 |
||